Countries Closest to Maine - Statistics

General Stats
  • This quiz has been taken 66,548 times
    65,033 since last reset
  • The average score is 16 of 20
Answer Stats
km country miles % Correct
0 Canada 0
100%
2831 Mexico 1759
97%
1297 United Kingdom via Bermuda 806
93%
2384 Cuba 1482
92%
1892 Bahamas 1176
86%
848 France via Saint Pierre and Miquelon 527
86%
2566 Haiti 1594
85%
1968 Denmark via Greenland 1223
83%
2576 Dominican Republic 1601
81%
2806 Jamaica 1744
81%
3174 Dominica 1974
78%
3304 Guatemala 2053
75%
3256 Iceland 2023
75%
3197 Belize 1986
73%
2980 Portugal via the Azores 1851
73%
3297 Honduras 2049
69%
2950 Saint Kitts and Nevis 1833
69%
2941 Antigua and Barbuda 1828
63%
3342 Nicaragua 2077
63%
2874 Netherlands via Sint Maarten 1786
59%
No matching quizzes found
Score Distribution
Percent of People with Each Score
Percentile by Number Answered
Your Score History
You have not taken this quiz since the last reset